00784cam a22002171 4500001001300000003000400013005001700017008004100034010001700075035002000092040002700112050002300139100005100162245011700213260004800330300004900378650001800427710005000445830005400495999001700549med46000069 DLC20260227111556.0830617s1946 dcua 000 0 eng  amed46000069  a(OCoLC)29164684 aDLCcMnU-BdOCoLCdDLC00aRA421b.U4 no. 1851 aVon Oettingen, W. F.q(Wolfgang Felix),d1888-14aThe toxicity and potential dangers of methyl bromide with special reference to its use in the chemical industry, aWashington,bU.S. Govt. print. off.,c1946. a1 p.l., 41 p.bincl. tables, diagrs.c23 cm. 0aBromomethane.2 aIndustrial Hygiene Research Laboratory (U.S.) 0aNational Institute of Health bulletin ;vno. 185. c37834d37834